| 000 | 00374nam a2200145Ia 4500 | ||
|---|---|---|---|
| 008 | 210210b2005 xxu||||| |||| 00| 0 eng d | ||
| 082 | _a951.5K MANT | ||
| 100 | _aMANGLURA VIJAYA. | ||
| 245 | _aTibet: ardha shatamanada artamore. | ||
| 260 |
_aBengaluru _bAbhinava Prakashana _c2005 |
||
| 300 | _axlvi,418 | ||
| 650 | _aTibet | ||
| 690 | _aAsian History | ||
| 906 | _a061063 | ||
| 999 |
_c107984 _d107984 |
||